| 000 | 00426nam a2200169Ia 4500 | ||
|---|---|---|---|
| 008 | 180921t2017 xxu||||| |||| 00| 0 sin d | ||
| 041 | _asin | ||
| 080 |
_a294.3 _bGNA |
||
| 100 | _aGnanananda Himi, Kiribathgoda | ||
| 245 | _aපිනක මහිම | ||
| 246 | _aPinka Mahima | ||
| 260 |
_bMahamegha _aPolghawela _c2017 |
||
| 300 | _b100p, 21cm | ||
| 942 | _cBK | ||
| 999 |
_c1960 _d1960 |
||
| 003 | LK-CoDNM | ||
| 040 |
_aLK-CoDNM _dLK-CoDNM _eLK-CoDNM |
||